Agrarian archaeology in northwestern Iberia : local societies : the off-site record /
Devoted to the archaeological study of the societies and agrarian landscapes of Northwestern Iberia in the longue durée, this book brings together the results of some of the main projects carried out in recent decades from off-site records, providing a fresh perspective for the understanding of hist...
مؤلفون آخرون:
التنسيق: كتاب الكتروني
اللغة:
English
Spanish
منشور في:
Oxford :
Archaeopress Publishing Ltd,
2023.
سلاسل:
Historical archaeologies series.
Access archaeology.
الموضوعات:
الوصول للمادة أونلاين: Login to view Source
الوسوم: إضافة وسم
رقم الطلب: GN799.A4
| LEADER | 02356nam a2200505 i 4500 | ||
|---|---|---|---|
| 001 | EDZ0003019421 | ||
| 003 | StDuBDS | ||
| 005 | 20230828071306.0 | ||
| 006 | m|||||o||d|||||||| | ||
| 007 | cr ||||||||||| | ||
| 008 | 230401s2023 enkab fob 000|0|eng|d | ||
| 020 | |a 9781803274362 (PDF ebook) : |c No price | ||
| 040 | |a StDuBDS |b eng |c StDuBDS |e rda |e pn | ||
| 041 | 0 | |a eng |a spa | |
| 050 | 4 | |a GN799.A4 | |
| 082 | 0 | 4 | |a 630.9366 |2 23 |
| 245 | 0 | 0 | |a Agrarian archaeology in northwestern Iberia : |b local societies : the off-site record / |c edited by Juan Antonio Quirós Castillo. |
| 264 | 1 | |a Oxford : |b Archaeopress Publishing Ltd, |c 2023. | |
| 300 | |a 1 online resource (xi, 150 pages) : |b illustrations (black and white, and colour), maps (black and white, and colour). | ||
| 336 | |a text |2 rdacontent | ||
| 336 | |a still image |2 rdacontent | ||
| 336 | |a cartographic image |2 rdacontent | ||
| 337 | |a computer |2 rdamedia | ||
| 338 | |a online resource |2 rdacarrier | ||
| 490 | 1 | |a Historical archaeologies series | |
| 490 | 1 | |a Access archaeology | |
| 500 | |a Also issued in print: 2023. | ||
| 504 | |a Includes bibliographical references. | ||
| 506 | 0 | |a Open access. | |
| 520 | 8 | |a Devoted to the archaeological study of the societies and agrarian landscapes of Northwestern Iberia in the longue durée, this book brings together the results of some of the main projects carried out in recent decades from off-site records, providing a fresh perspective for the understanding of historical landscapes. | |
| 521 | |a Specialized. | ||
| 546 | |a Text in English, with one chapter in Spanish. | ||
| 588 | |a Description based on online resource; title from PDF title page (viewed on July 28, 2023). | ||
| 650 | 0 | |a Agriculture, Prehistoric |z Iberian Peninsula. | |
| 651 | 0 | |a Iberian Peninsula |x Antiquities. | |
| 651 | 0 | |a Iberian Peninsula |x Antiquities, Roman. | |
| 651 | 0 | |a Spain |x History |y Gothic period, 414-711 |x Antiquities. | |
| 700 | 1 | |a Quirós Castillo, Juan Antonio, |e editor. | |
| 776 | 0 | 8 | |i Print version : |z 9781803274355 |
| 830 | 0 | |a Historical archaeologies series. | |
| 830 | 0 | |a Access archaeology. | |
| 856 | 4 | 0 | |u http://library.arce.org:8087/Archaeopress/Products/9781803274355 |
| 942 | |2 lcc |c EBOOK | ||
| 952 | |0 0 |1 0 |4 0 |6 GN0799 A4 |7 1 |9 49706 |a ARCH |b ARCH |d 2023-08-28 |l 0 |o GN799.A4 |r 2023-08-28 00:00:00 |w 2023-08-28 |y EBOOK | ||
| 999 | |c 54349 |d 54349 | ||
